Classified : (Record no. 361576)
[ view plain ]
| 000 -LEADER | |
|---|---|
| fixed length control field | 02226pam a2200481 i 4500 |
| 001 - CONTROL NUMBER | |
| control field | BK0026827243 |
| 003 - CONTROL NUMBER IDENTIFIER | |
| control field | DLC |
| 005 - DATE AND TIME OF LATEST TRANSACTION | |
| control field | 20230317132225.0 |
| 008 - FIXED-LENGTH DATA ELEMENTS--GENERAL INFORMATION | |
| fixed length control field | 200520s2021 mnua j b 000 0 eng |
| 010 ## - LIBRARY OF CONGRESS CONTROL NUMBER | |
| LC control number | 2020021725 |
| 020 ## - INTERNATIONAL STANDARD BOOK NUMBER | |
| International Standard Book Number | 9781541579149 : SAL |
| Terms of availability | 19.99 |
| 020 ## - INTERNATIONAL STANDARD BOOK NUMBER | |
| International Standard Book Number | 1541579143 : SAL |
| Terms of availability | 19.99 |
| Qualifying information | (trade hardcover) |
| Cancelled/invalid ISBN | 9781728419015 |
| Qualifying information | (ebook) |
| 037 ## - SOURCE OF ACQUISITION | |
| Source of stock number/acquisition | Lerner Pub Group, 150 Kingswood Dr, Mankato, MN, USA, 56001, (612)3323344 |
| Note | SAN 201-0828 |
| 040 ## - CATALOGING SOURCE | |
| Original cataloging agency | DLC |
| Language of cataloging | eng |
| Description conventions | rda |
| Transcribing agency | DLC |
| Modifying agency | DLC |
| -- | IMmBT |
| 050 00 - LIBRARY OF CONGRESS CALL NUMBER | |
| Classification number | TL540.R655 |
| Item number | S67 2021 |
| 082 00 - DEWEY DECIMAL CLASSIFICATION NUMBER | |
| Classification number | 629.1092 |
| 082 00 - DEWEY DECIMAL CLASSIFICATION NUMBER | |
| Classification number | B |
| Edition number | 23 |
| 092 ## - LOCALLY ASSIGNED DEWEY CALL NUMBER (OCLC) | |
| Classification number | children nonfiction |
| Item number | Ross |
| 100 1# - MAIN ENTRY--PERSONAL NAME | |
| Personal name | Sorell, Traci, |
| Relator term | author. |
| 9 (RLIN) | 5811757 |
| 245 10 - TITLE STATEMENT | |
| Title | Classified : |
| Remainder of title | the secret career of Mary Golda Ross, Cherokee aerospace engineer / |
| Statement of responsibility, etc | Traci Sorell ; illustrated by Natasha Donovan. |
| 264 #1 - Production, Publication, Distribution, Manufacture, and Copyright Notice. | |
| Place of production, publication, distribution, manufacture | Minneapolis : |
| Name of producer, publisher, distributor, manufacturer | Millbrook Press, |
| Date of production, publication, distribution, manufacture, or copyr | [2021] |
| 300 ## - PHYSICAL DESCRIPTION | |
| Extent | 1 volume (unpaged) : |
| Other physical details | color illustrations ; |
| Dimensions | 29 cm |
| 336 ## - Content Type | |
| Content type term | text |
| 337 ## - Media type | |
| Media type term | unmediated |
| 338 ## - Carrier type | |
| Carrier type term | volume |
| 504 ## - BIBLIOGRAPHY, ETC. NOTE | |
| Bibliography, etc | Includes bibliographical references. |
| 520 ## - SUMMARY, ETC. | |
| Summary, etc | "Mary Golda Ross designed classified projects for Lockheed Aircraft Corporation as the company's first female engineer. Find out how her passion for math and the Cherokee values she was raised with shaped her life and work"-- |
| 521 ## - TARGET AUDIENCE NOTE | |
| Target audience note | Ages 7-11 |
| Source | Millbrook Press |
| 521 ## - TARGET AUDIENCE NOTE | |
| Target audience note | Grades 2-3 |
| Source | Millbrook Press |
| 586 ## - AWARDS NOTE | |
| Awards note | American Indian Youth Literature Picture Book Award Honor Book, 2022. |
| 600 10 - SUBJECT ADDED ENTRY--PERSONAL NAME | |
| Personal name | Ross, Mary Golda |
| Form subdivision | Juvenile literature. |
| 9 (RLIN) | 6417506 |
| 600 11 - SUBJECT ADDED ENTRY--PERSONAL NAME | |
| Personal name | Ross, Mary Golda. |
| 9 (RLIN) | 6417509 |
| 650 #0 - SUBJECT ADDED ENTRY--TOPICAL TERM | |
| Topical term or geographic name as entry element | Women aerospace engineers |
| Geographic subdivision | United States |
| Form subdivision | Biography |
| -- | Juvenile literature. |
| 9 (RLIN) | 6417507 |
| 650 #0 - SUBJECT ADDED ENTRY--TOPICAL TERM | |
| Topical term or geographic name as entry element | Cherokee Indians |
| Geographic subdivision | United States |
| Form subdivision | Biography |
| -- | Juvenile literature. |
| 9 (RLIN) | 6417508 |
| 650 #1 - SUBJECT ADDED ENTRY--TOPICAL TERM | |
| Topical term or geographic name as entry element | Women aerospace engineers. |
| 9 (RLIN) | 6417510 |
| 650 #1 - SUBJECT ADDED ENTRY--TOPICAL TERM | |
| Topical term or geographic name as entry element | Aerospace engineers. |
| 650 #1 - SUBJECT ADDED ENTRY--TOPICAL TERM | |
| Topical term or geographic name as entry element | Cherokee Indians |
| Form subdivision | Biography. |
| 9 (RLIN) | 5745936 |
| 650 #1 - SUBJECT ADDED ENTRY--TOPICAL TERM | |
| Topical term or geographic name as entry element | Women |
| Form subdivision | Biography. |
| 9 (RLIN) | 5693689 |
| 700 1# - ADDED ENTRY--PERSONAL NAME | |
| Personal name | Donovan, Natasha, |
| Relator term | illustrator. |
| 9 (RLIN) | 5811843 |
| 776 08 - ADDITIONAL PHYSICAL FORM ENTRY | |
| Display text | Online version: |
| 776 08 - ADDITIONAL PHYSICAL FORM ENTRY | |
| Main entry heading | Sorell, Traci. |
| Title | Classified |
| Place, publisher, and date of publication | Minneapolis : Millbrook Press, [2021] |
| International Standard Book Number | 9781728419015 |
| Record control number | (DLC) 2020021726 |
| 942 ## - ADDED ENTRY ELEMENTS (KOHA) | |
| Source of classification or shelving scheme | Dewey Decimal Classification |
| Koha item type | BOOK |
| Withdrawn status | Lost status | Source of classification or shelving scheme | Damaged status | Not for loan | Collection code | Home library | Current library | Shelving location | Date acquired | Source of acquisition | Total Checkouts | Total Renewals | Full call number | Barcode | Date last seen | Date checked out | Cost, replacement price | Price effective from | Koha item type |
|---|---|---|---|---|---|---|---|---|---|---|---|---|---|---|---|---|---|---|---|
| Dewey Decimal Classification | Children NonFiction | Wasatch County Library | Wasatch County Library | Main Floor Childrens Area | 03/17/2023 | Amazon | 6 | 3 | E Biography Ross | 34301002010777 | 03/14/2025 | 04/30/2024 | 19.99 | 03/17/2023 | BOOK |
